| 000 | 02855cam0 2200601 ib4500 | ||
|---|---|---|---|
| 001 | BY-BR0015-br2025183849 | ||
| 005 | 20260320142459.0 | ||
| 010 |
^a978-5-9930-2223-9 ^bв переплете ^d6,47р. |
||
| 100 | ^a20251211d2017 b y0rusy50 ca | ||
| 101 | 0 | ^arus | |
| 102 | ^aRU | ||
| 105 | ^aa z 000gy | ||
| 109 | ^ama | ||
| 200 | 1 |
^aБасни ^e[для чтения взрослыми детям] ^fИван Андреевич Крылов ^g[художник А. Зобнинская] |
|
| 210 |
^aМосква ^cАлтей и К° ^cАлтей-Бук ^d2017 |
||
| 215 |
^a63, [1] с. ^cцв. ил. ^d24 см |
||
| 225 | 1 | ^aСерия "Коллекция любимых сказок" | |
| 327 | 0 | ^aСодержание: Стрекоза и муравей ; Ворона и лисица ; Лебедь, Щука и Рак ; Мартышка и Очки ; Квартет ; Слон и Моська ; Свинья под Дубом ; Осел и Соловей ; Зеркало и Обезьяна ; Лисица и виноград и др. | |
| 333 | ^a6+ | ||
| 345 | ^915000 экз. (дополнительный тираж) | ||
| 464 | 0 |
^12001 ^aСтрекоза и Муравей |
|
| 464 | 0 |
^12001 ^aВорона и Лисица |
|
| 464 | 0 |
^12001 ^aЛебедь, Щука и Рак |
|
| 464 | 0 |
^12001 ^aМартышка и Очки |
|
| 464 | 0 |
^12001 ^aКвартет |
|
| 464 | 0 |
^12001 ^aСлон и Моська |
|
| 464 | 0 |
^12001 ^aСвинья под Дубом |
|
| 464 | 0 |
^12001 ^aОсел и Соловей |
|
| 464 | 0 |
^12001 ^aЗеркало и Обезьяна |
|
| 464 | 0 |
^12001 ^aЛисица и виноград |
|
| 608 |
^aБАСНЯ ^3BY-NLB-ar2157876 ^2BYGNR |
||
| 608 |
^aДЕТСКАЯ И ЮНОШЕСКАЯ ЛИТЕРАТУРА (художеств. произведение) ^3BY-NLB-ar9019 ^2BYGNR |
||
| 686 |
^a84(2Рос)1-7 ^2rubbk |
||
| 690 |
^a1 ^2Base ^9BY-MI0011 ^xRSEK |
||
| 700 | 1 |
^aКрылов ^bИ. А. ^gИван Андреевич ^cписатель ^f1769—1844 ^3BY-NLB-ar95768 |
|
| 702 | 1 |
^aЗобнинская ^bА. ^3BY-SEK-488450 ^4440 |
|
| 801 | 0 |
^aBY ^bBY-BR0015 ^c20251211 ^gRCR |
|
| 801 | 2 |
^aBY ^bBY-MI0011 ^c20260317 ^gRCR |
|
| 035 | ^a(BY-MI0011)BY-BR0015-br2025183849 | ||
| 899 | 0 |
^aBY-MI0011 ^iК85 ^h84(2Рос)1 |
|